Girininkas, Algirdas, 1949-. Baltu̜ kultūros ištakos ; [1] . - Vilnius : Savastis. - 1994 [Rezension]

Titel: Girininkas, Algirdas, 1949-. Baltu̜ kultūros ištakos ; [1] . - Vilnius : Savastis. - 1994 [Rezension]
Verfasser:
In: Lituanistica, Heft 3 (35) (1998), Seite 111-115
alle Artikel anzeigen
Veröffentlicht: 1998
Format: Aufsatz
Sprache: Litauisch
Kein Bild verfügbar
X
alg: 39474946
001A    $01999:12-11-16 
001B    $01999:03-08-21 $t21:01:13.000 
001D    $01999:12-11-16 
001U    $0utf8 
001X    $00 
002@    $0Aox 
003@    $0394749464 
007A    $0394749464 $aHEB 
007T    $0Herd72860 
010@    $alit 
011@    $a1998 
021A    $aGirininkas, Algirdas, 1949-. Baltu̜ kultūros ištakos  ; [1] . - Vilnius : Savastis. -  1994 [Rezension] 
028A    $aLoze $dIlze 
031A    $e3 (35) $h111-115 $j1998 
039B    $aIn $8--Abvc--. Lituanistica. - Vilnius : Academia, 1990-. - ISSN 0235-716X $x199800000000003889 $904857693X 
039T    $8--Afu--Girininkas, Algirdas$Z1949- [Tp1]. Baltu̜ kultūros ištakos ; [1]. - Vilnius : Savastis, 1994. - 279 Seiten. - Illustrationen, Diagramme, Karten. - ISBN 9986-420-00-8 $9050175521 
045F    $a900.9479 $eDDC23BSB 
045F/01 $a900 
045F/03 $g479 
045F/03 $g4798 
045F/03 $g4793 
045T    $a7,44 

lok: 39474946 78

exp: 39474946 78 1 #EPN
201B/01 $018-11-16 $t12:36:29.000 
201U/01 $0utf8 
203@/01 $0791048071 
208@/01 $a12-11-16 $be 
209A/01 $a/ $f000 $x00 
220C/01 $aTitelaufnehmer: pk 
244Z/01 $2Trx $#Baltijos šalys $#kraje bałtyckie $#Baltikum $8--Trx--Baltische Länder $x01 $9391352903 
244Z/01 $2Trx $#Estija $#Igaunija $#Estland $#Estonia $#Estonia $#Estónsko $#Estonsko $8--Trx--Eesti $x02 $9391237225 
244Z/01 $2Trx $#Litauen $#Lithuania $#Litwa $#Litva $#Litva $8--Trx--Lietuva $x03 $9391193457 
244Z/01 $2Trx $#Latvija $#Lettland $#Łotwa $#Lotyšsko $8--Trx--Latvija $x04 $9391275879 
244Z/01 $2Trx $#arvustused $#recenzijos $#Reviews $#recenziók $#recenzje $#recenzie $#recenze $8--Trx--Rezensionen $x05 $9391357441 
247C/01 $82080>Marburg/Lahn, Herder-Institut, Forschungsbibliothek, Bibliographieportal $9336309341
LEADER 00000caa a22000002c 4500
001 394749464
003 DE-603
005 20210803210113.0
007 tu
008 161112s1998 xx |||| | u00||u|lit c
035 |a (DE-599)HEB394749464 
040 |a DE-603  |b ger  |c DE-603  |d DE-603 
041 |a lit 
082 0 4 |8 1\u  |a 900.9479  |q DE-101  |2 23/BSB 
084 |a 7,44  |2 ssgn 
085 |8 1\u  |b 900 
085 |8 1\u  |z 2  |s 479 
085 |8 1\u  |z 2  |s 4798 
085 |8 1\u  |z 2  |s 4793 
100 1 |a Loze, Ilze 
245 0 0 |a Girininkas, Algirdas, 1949-. Baltu̜ kultūros ištakos ; [1] . - Vilnius : Savastis. - 1994 [Rezension] 
264 0 |c 1998 
773 0 8 |i In  |t Lituanistica  |d Vilnius : Academia, 1990-  |x 0235-716X  |g Heft 3 (35) (1998), Seite 111-115  |w (DE-603)04857693X  |w (DE-600)1069331-2 
787 0 8 |i Rezension von  |a Girininkas, Algirdas, 1949-  |t Baltu̜ kultūros ištakos ; [1]  |d Vilnius : Savastis, 1994  |h 279 Seiten, Illustrationen, Diagramme, Karten  |z 9986420008  |w (DE-603)050175521 
924 0 |9 2080  |a (DE-603)791048071  |b DE-2080  |c HES  |d d  |g /